Open Data Biblioteca Nacional de Portugal


República Portuguesa: Ministério da Cultura
Biblioteca Nacional de Portugal

Catálogo da BNP: acesso por Identificadores Unívocos
Registos Bibliográficos associados ao registo de autoridade

Etiqueta de registo: 00000nam 2200025 450
001 2278252
003 http://id.bnportugal.gov.pt/bib/catbnp/2278252
100 ## $a20260309d2023 k y0pory01030103ba
101 0# $aeng$dpor
102 ## $aPT
105 ## $aa m 000yy
106 ## $ar
200 1# $aStudy of the behavior of a thermoplastic injection mold and prediction of fatigue failures with numerical simulation$fCedrico de Resende Oliveira$gorient. José Filipe Bizarro Meireles, Nuno Ricardo Maia Peixinho
210 #9 $a[S.l.$cs.n.],$d2023
215 ## $aXXXIII, 299 p.$cil.$d30 cm
328 #1 $aTese dout. Engenharia Mecânica, Escola de Engenharia, Universidade do Minho, 2023
675 ## $a620.17(043)$vBN$zpor$31219943
675 ## $a669.1(043)$vBN$zpor$31231838
700 #1 $aOliveira,$bCedrico de Resende$31990013
702 #1 $aMeireles,$bJosé Filipe Bizarro de$4727$31048566
702 #1 $aPeixinho,$bNuno Ricardo Maia,$f1974 -$4727$3949055
801 #0 $aPT$bBN$gRPC
966 ## $lBN$mFGMON$x1
971 ## $corlando$d20260309
973 ## $cigoulao$d20260416

OpendataBNP@bnportugal.pt | Mais informação sobre acesso aos dados BNP